Pestré podoby chémie

Podrobná bibliografia
Hlavní autori: Neuwirthová, Natália (Autor), Jaglová, Tatiana, 1945- (Autor), Turčan, Mirko (Autor)
Médium: Článok
Jazyk:slovenčina
Predmet:

MARC

LEADER 00000nab a2200000 a 4500
001 vtls000087858
003 SK-MaSNL
005 20260303213953.0
008 111103c1981 xo 0 slo
015 |a SNBRB19rr/mm-uuuuu 
035 |a CL0097961 
040 |a SNKBUCL  |b slo  |c SNKBUCL  |e AACR2 
041 0 |a slo 
044 |a xo  |c SK 
080 |a 66  |2 1981 
080 |a 339.1  |2 1981 
100 1 |a Neuwirthová, Natália  |4 aut  |9 1005314 
245 1 0 |a Pestré podoby chémie  |c Natália Neuwirthová, Tatiana Jaglová, Mirko Turčan 
650 0 7 |a chemický priemysel  |2 snkbucl  |9 69615 
650 0 7 |a Incheba 1981  |2 snkbucl  |9 1002969 
651 7 |a 5100  |2 snkbucl  |9 166206 
655 7 |a články z novín a časopisov  |2 snkbucl  |9 267496 
700 1 |a Jaglová, Tatiana,  |d 1945-  |4 aut  |9 232441 
700 1 |a Turčan, Mirko  |4 aut  |9 923855 
773 0 |t Smena  |g Roč. 34, č. 151 (29. 6. 1981), s. 3 
850 |a Slovenská národná knižnica v Martine  |a MTA001 
852 |a SNK  |b KIS3GCP 
958 |a RK 
992 |a RBX 
999 |c 2214812  |d 2216742